|
|
|
|
| LEADER |
01451nam a2200313 a 4500 |
| 001 |
37263 |
| 003 |
BD-DhAAL |
| 005 |
20211125122158.0 |
| 008 |
210121t2017 enk||||| |||| 001 0 eng d |
| 999 |
|
|
|c 41658
|d 41658
|
| 020 |
|
|
|a 9780198747383
|
| 040 |
|
|
|a BD-DhAAL
|
| 082 |
|
|
|a 346.42022
|2 23
|
| 100 |
|
|
|a Furmston, M. P.
|e author.
|9 40716
|
| 245 |
|
|
|a Cheshire, fifoot & furmstown law of contract /
|c Michael Furmston.
|
| 250 |
|
|
|a seventeenth edition.
|
| 260 |
|
|
|a Oxford :
|b Oxford University Press,
|c c2017.
|
| 300 |
|
|
|a lx, 832 pages ;
|b 25 cm.
|
| 504 |
|
|
|a Includes bibliographical references and index.
|
| 526 |
|
|
|a SOL
|
| 541 |
|
|
|a Hye Trade International
|e 37263, 37264
|
| 650 |
|
|
|a Contracts
|z Great Britain.
|9 40717
|
| 650 |
|
|
|a Law.
|9 43202
|
| 700 |
|
|
|a Cheshire, G. C.
|q (Geoffrey Chevalier),
|d 1886-1978.
|9 40718
|
| 700 |
|
|
|a Fifoot, C. H. S.
|q (Cecil Herbert Stuart)
|d 1899-1975.
|9 40719
|
| 852 |
|
|
|a Ayesha Abed Library
|c General Stacks
|
| 942 |
|
|
|2 ddc
|c BK
|
| 952 |
|
|
|0 0
|1 0
|2 ddc
|4 0
|6 346_420220000000000_FUR
|7 0
|9 68216
|a BRACUL
|b BRACUL
|c GEN
|d 2020-03-16
|e Hye Trade International
|g 4566.00
|l 2
|m 3
|o 346.42022 FUR
|p 3010037263
|r 2025-03-02
|s 2025-02-24
|t 1
|v 4566.00
|w 2020-03-16
|y BK
|x Received during pandemic
|
| 952 |
|
|
|0 0
|1 0
|2 ddc
|4 0
|6 346_420220000000000_FUR
|7 0
|9 68217
|a BRACUL
|b BRACUL
|c GEN
|d 2020-03-16
|e Hye Trade International
|g 4566.00
|l 2
|m 9
|o 346.42022 FUR
|p 3010037264
|r 2025-04-09
|s 2025-03-06
|t 2
|v 4566.00
|w 2020-03-16
|y BK
|x Received during pandemic
|